000
002290000a22000970004500
100
1
_a
Wood, Beulah
245
1
0
_a
Poor women resing, growing, changing
300
_a
Núm 36 (1992), Páginas 27-28
773
0
_t
Together
942
_c
ANA
999
_c
56333
_d
56333